Historia, memoria y narración
שמור ב:
| מחבר ראשי: | |
|---|---|
| מחברים אחרים: | , |
| פורמט: | ספר |
| שפה: | ספרדית |
| יצא לאור: |
Viña del Mar, Chile
Ediciones Altazor
2011
|
| נושאים: | |
| תגים: |
הוספת תג
אין תגיות, היה/י הראשונ/ה לתייג את הרשומה!
|
MARC
| LEADER | 00000cam a2200000 a 4500 | ||
|---|---|---|---|
| 001 | UCF3227 | ||
| 003 | CL-VaPUC | ||
| 005 | 20230317132337.0 | ||
| 008 | 121004e20110000cl 1 spa d | ||
| 999 | |c 384702 |d 384700 | ||
| 020 | |a 9789567472901 | ||
| 040 | |c Pontificia Universidad Católica de Valparaíso | ||
| 082 | 0 | 4 | |a 901 COR 2011 |2 21 |
| 100 | 1 | |a Corti Badía, Paola |e editora |9 868468 | |
| 245 | 1 | 0 | |a Historia, memoria y narración |
| 260 | |a Viña del Mar, Chile |b Ediciones Altazor |c 2011 | ||
| 300 | |a 394 páginas | ||
| 518 | |p Jornadas Internacionales de Teoría y Filosofía de la Historia, 4, Chile, 25 y 28 de agosto de 2009 | ||
| 536 | |a Universidad Adolfo Ibáñez | ||
| 546 | |a En Español | ||
| 583 | |a last modification |c 20121010 10:34:14 |k Rodrigo Vera | ||
| 650 | 0 | 0 | |a Filosofía de la historia |9 265651 |
| 650 | 0 | 0 | |a Memoria histórica |9 431578 |
| 650 | 0 | 0 | |a Escatología |9 314395 |
| 700 | |a Moreno Jeria, Rodrigo |e editor |9 868469 | ||
| 700 | |a Widow Lira, José Luis |e editor |9 868470 | ||
| 852 | |a BIBCUR | ||
| 942 | |c BK |2 ddc | ||
| 945 | |a dcastane |d 20121004 00:00:00 | ||
| 952 | |0 0 |1 0 |2 ddc |4 0 |6 901_000000000000000_COR_2011 |7 0 |8 A |9 507618 |a BIBHIS |b BIBHIS |d 2020-01-23 |i 4910893 |l 1 |o 901 COR 2011 |p 4910893 |r 2025-01-20 |s 2023-07-04 |t 1 |w 2020-01-23 |y BK |k HIS | ||